| 000 | 00444nam a22001817a 4500 | ||
|---|---|---|---|
| 999 |
_c35798 _d35798 |
||
| 003 | OSt | ||
| 005 | 20220803190040.0 | ||
| 008 | 220803b ||||| |||| 00| 0 spa d | ||
| 020 | _a950-602-330-1 | ||
| 040 | _cBiblioteca Ernesto Sábato | ||
| 092 |
_a170 _bA159 _eBDGR |
||
| 100 | _aAbraham, Tomás | ||
| 245 | _aBatallas éticas | ||
| 260 |
_aBuenos Aires _bNueva Visión _c1995 |
||
| 300 | _a159 p. | ||
| 650 | _aETICA | ||
| 942 |
_2ddc _cBDGR |
||